Dissertatio Politica, Communionem Bonorum In Republica expendens, Quam, Summô Bonorum Autore favente, Et Ampliss. Facultate Phil. consentiente,

Podrobná bibliografia
Hlavný autor: Langhansen, Christoph, 1691-1770 (Autor, Vedúci práce)
Korporatívny autor: Reusner, Johann (Kaliningrad, Rusko) (Tlačiar)
Ďalší autori: Reusner, Johann (Tlačiar), Hogendorff, Henricus (Autor práce)
Médium: Kniha
Jazyk:latinčina
PhysicalDescription:A4-C4 [=12] listov 4° 19 x 16 cm
Vydavateľské údaje: Regiomonti Typis Johannis Reusneri Anno M.DC.LV. [=1655]
Predmet:

MARC

LEADER 00000nam a2200000 a 4500
001 vtls011886643
003 SK-MaSNL
005 20260301185427.0
008 251112 1655 ru 000 0 lat
015 |a SNBHFA 
040 |a SNKHF  |b slo  |c SNKHF  |e AACR2 
041 0 |a lat 
044 |a ru  |c RU 
072 7 |a 32  |x Politika  |2 konspekt 
080 |a 32  |2 2011 
100 1 |a Langhansen, Christoph,  |d 1691-1770  |4 aut  |4 ths  |9 505362 
245 1 0 |a Dissertatio Politica, Communionem Bonorum In Republica expendens,  |b Quam, Summô Bonorum Autore favente, Et Ampliss. Facultate Phil. consentiente,  |c Praeses M. Christophorus Langhanßen Fridl. Prussus, Et ; Respondens Henricus Hogendorff/ Fridericiburgô Danus, Publico placidoq3 examini sistens, ad d. Maji, horis locoq; consuetis 
260 |a Regiomonti  |b Typis Johannis Reusneri  |c Anno M.DC.LV. [=1655] 
300 |a A4-C4 [=12] listov  |c 4°  |c 19 x 16 cm 
500 |a Linka, vineta, iniciálka s ornamentálnym pozadím na 7 riadkov, typografické ozdoby, kustody 
501 |a Príväzok 1.: LANGHANSEN, Christoph. Coeli Politici. Regiomonti: Praelo Reusneriano, 1656. 4°.  |5 SNK ID 101209/prív.1. 
501 |a Príväzok 2.: WALTHER, Michael. Ex Politicis De Legibus. Wittebergae: Literis Matthaei Henckeli, 1664. 4°.  |5 SNK ID 101209/prív.2. 
501 |a Príväzok 3.: THILO, Gottfried. Dissertatio Politica De Homagio. [Wittenberg]: Typis Matthaei Henckelii, 1667. 4°.  |5 SNK ID 101209/prív.3. 
501 |a Príväzok 4.: PASCHA, Nikolaus Benedikt. Disputatio Arithmetica De Regula Alligationis. Wittebergae : Johann Hake, 1667. 4°.  |5 SNK ID 101209/prív.4. 
501 |a Príväzok 5.: WENDELER, Michael. Disputatio Pvplica I. ... De Oeconomicam. Wittebergae: Johann Borckard, 1658. 4°.  |5 SNK ID 101209/prív.5. 
501 |a Príväzok 6.: ULMITZ, Michael. Determinatam Futurorum Contingentium Veritatem. Wittenbergae: Typis Matthaei Henckelii, 1688. 4°.  |5 SNK ID 101209/prív.6. 
501 |a Príväzok 7.: SCHELWIG, Samuel. Dissertationum Moralium Tertia, De Virtutis Causa. Wittenbergae: Typis Joh. Borckardi, 1664. 4°.  |5 SNK ID 101209/prív.7. 
501 |a Príväzok 8.: TIMAEUS, Peter. Exercitatio Ethica De Fortitudine. Wittenbergae: Typis Johannis Haken, 1666. 4°.  |5 SNK ID 101209/prív.8. 
501 |a Príväzok 9.: WENDELER, Michael. Ex Ethicis De Aequitate. Wittenbergae: Typis Joh. Borckardi, 1656. 4°.  |5 SNK ID 101209/prív.9. 
501 |a Príväzok 10.: HALBACH, Daniel. Collegii Physiologici Quinti Dispvtatio IV. De Animarvm Facvltatibus In Genere. Regiomonti: Typis Laurentii Segebadii, 1627. 4°.  |5 SNK ID 101209/prív.10. 
501 |a Príväzok 11.: HALBACH, Daniel. Collegii Physiologici Quinti Dispvtatio V. De Anima Vegetante Eiusq; Facvltatibus. Regiomonti: Typis Laurentii Segebadii, 1627. 4°.  |5 SNK ID 101209/prív.11. 
501 |a Príväzok 12.: HALBACH, Daniel. Collegii Physiologici Quinti Dispvtatio VII. De Animabvs Specificis. Regiomonti: Typis Laurentii Segebadii, 1627. 4°.  |5 SNK ID 101209/prív.12. 
501 |a Príväzok 13.: HALBACH, Daniel. Collegii Physiologici Quinti Dispvtatio XIII. De Sanitate Et Morbo. Regiomonti: Typis Laurentii Segebadii, 1629. 4°.  |5 SNK ID 101209/prív.13. 
501 |a Príväzok 14.: KIRCHMAJER, Sebastian. Dissertatio Physica. Wittenberg: Typis Matthaei Henckelii, 1667. 4°.  |5 SNK ID 101209/prív.14. 
501 |a Príväzok 15.: SCHNEIDER, Konrad Victor. Disputatio Inauguralis De Epilepsia. [Wittenberg]: Literis Matthaei Henckelii, 1667. 4°.  |5 SNK ID 101209/prív.15. 
501 |a Príväzok 16.: BREITHAUPT, Joachim Just. Dissertatio Theologica De Contritione. Halae Magdeb.: Typis Chr. Henckelii, 1701. 4°.  |5 SNK ID 101209/prív.16. 
501 |a Príväzok 17.: MAJOR, Johann Daniel. Disputatio medica Inauguralis De Tactis Fulmine. Kiliae Holsatorum: Joach. Reumn., 1673. 4°.  |5 SNK ID 101209/prív.17. 
501 |a Príväzok 18.: TRENTSCH, Christian. Exercitationum Metaphysicarum Decima Nona. De Absoluto Et Respectivo, Permanente Et Successivo. [Wittenberg]: Johann Röhner, 1657. 4°.  |5 SNK ID 101209/prív.18. 
501 |a Príväzok 19.: DEUTSCHMANN, Johann. Disputatio Theologica De Praedestinatione. [Wittenberg]: Johann Borckard, 1665. 4°.  |5 SNK ID 101209/prív.19. 
501 |a Príväzok 20.: GERHARD, Johann Friedrich. I.N.J. Theses De Theologia In Genere. Jenae: Johann Jacob Bauhofer, 1666. 4°.  |5 SNK ID 101209/prív.20. 
501 |a Príväzok 21.: QUENSTEDT, Johann Andreas. Exercitatio Theologica De Potestate Judicaria Scripturae Sacrae. Wittenberg: Johann Hake, 1668. 4°.  |5 SNK ID 101209/prív.21. 
501 |a Príväzok 22.: KIRCHMAIER, Georg Caspar. Q.D.B.V. Accidens extra Subjectum suum . [Halle]: Melchior Oelschlegel, 1661. 4°.  |5 SNK ID 101209/prív 22. 
546 |a Latinský jazyk  |b Antikva 
561 |a Z knižnice Učenej spoločnosti malohontskej.  |5 SNK ID 101209 
563 |a Väzba: papierová, zvyšky pôvodnej koženej väzby s bledohnedou kožou so slepotlačou, väzba poškodená.  |5 SNK ID 101209 
650 0 7 |a politika  |2 SNKPH  |9 968 
700 1 |a Reusner, Johann  |4 prt  |9 356565 
700 1 |a Hogendorff, Henricus  |4 dis  |9 563364 
710 2 |a Učená spoločnosť malohontská  |4 fmo  |9 205374 
710 2 |a Reusner, Johann (Kaliningrad, Rusko)  |4 prt  |9 563365 
752 |a Rusko  |d Kaliningrad 
852 |a snk  |b Historické fondy  |p ID 101209 
999 |c 863913  |d 865843 
952 |t MHC 1334, XCVII  |a SNK  |b SNK  |c SNK_HF  |y PREZ  |7 0  |p 17A1356665  |o snkID 101209  |i snk2019/22840  |8 5  |0 0  |1 0  |4 0  |d 2019-09-12  |l 0  |r 2026-02-24 05:19:59  |w 2026-02-24